[Event "Deutsche Ländermeisterschaft 2022"]
[Site "Wiesbaden GER"]
[Date "2022.10.01"]
[Round "1"]
[White "Wong, Gengchun"]
[Black "Lutsko, Artem"]
[Result "1/2-1/2"]
[Termination "normal"]
[Board "1.1"]
[BlackTitle "IM"]
[WhiteElo "2195"]
[BlackElo "2431"]
[WhiteTeam "Sachsen"]
[BlackTeam "Bayern"]
[PlyCount "63"]
[WhiteFideId "12963283"]
[BlackFideId "14188767"]
[EventCountry "GER"]
[EventRounds "7"]
[EventType "team-swiss"]
[EventDate "2022.09.30"]

1. e4 c5 2. Nf3 d6 3. d4 cxd4 4. Nxd4 Nf6 5. Nc3 a6 6. Bg5 e6 7. f4 Be7 8. Qf3
Qc7 9. O-O-O Nbd7 10. g4 h6 11. Bxf6 Bxf6 12. h4 Nb6 13. g5 Bxd4 14. Rxd4 Qc5
15. Rd1 Bd7 16. Kb1 O-O-O 17. Bh3 hxg5 18. hxg5 Kb8 19. Qg3 Bc6 20. g6 f5 21.
Rhe1 Na4 22. Nxa4 Bxa4 23. b3 Bc6 24. exf5 exf5 25. Bg2 Bxg2 26. Qxg2 Rde8 27.
Qd2 Kc7 28. Qd3 Kd7 29. Qf3 Qc6 30. Qd3 Qc5 31. Qf3 Qc6 32. Qd3 1/2-1/2

[Event "Deutsche Ländermeisterschaft 2022"]
[Site "Wiesbaden GER"]
[Date "2022.10.01"]
[Round "1"]
[White "Kolb, Tobias"]
[Black "Hassemeier, Mika"]
[Result "1-0"]
[Termination "normal"]
[Board "1.2"]
[WhiteTitle "FM"]
[WhiteElo "2357"]
[BlackElo "2095"]
[WhiteTeam "Bayern"]
[BlackTeam "Sachsen"]
[PlyCount "109"]
[WhiteFideId "12992321"]
[BlackFideId "12994880"]
[EventCountry "GER"]
[EventRounds "7"]
[EventType "team-swiss"]
[EventDate "2022.09.30"]

1. d4 Nf6 2. c4 e6 3. Nc3 Bb4 4. e3 O-O 5. Nge2 c6 6. a3 Ba5 7. b4 Bc7 8. e4 d5
9. e5 Ne8 10. Ng3 f6 11. f4 a5 12. b5 Nd7 13. cxd5 cxd5 14. Be3 fxe5 15. fxe5
Qh4 16. Qh5 Qxh5 17. Nxh5 g6 18. Ng3 Bb6 19. Na4 Ba7 20. Kd2 Ng7 21. Bd3 Nb6
22. Nxb6 Bxb6 23. h4 Nf5 24. Nxf5 gxf5 25. g4 fxg4 26. Rhg1 h5 27. Bg6 Rf5 28.
a4 Kg7 29. Bxf5 exf5 30. Kd3 Be6 31. Rac1 Kf7 32. Rc3 Ke7 33. Bc1 Kd7 34. Rf1
Rf8 35. Ba3 Rc8 36. Rxc8 Kxc8 37. Ke3 Kd7 38. Bc5 Bd8 39. Rh1 Bf7 40. Kf4 Ke6
41. Bd6 Be8 42. Kg3 Bd7 43. Rc1 Bb6 44. Bc5 Bd8 45. Ba7 Ke7 46. Rc3 Be6 47. Kf4
Kd7 48. Rc1 Ke7 49. Bb8 Kd7 50. Bd6 Bb6 51. Kg5 Bxd4 52. Rc7+ Kd8 53. Kf6 Bd7
54. Rxb7 f4 55. b6 1-0

[Event "Deutsche Ländermeisterschaft 2022"]
[Site "Wiesbaden GER"]
[Date "2022.10.01"]
[Round "1"]
[White "Heinrich, John"]
[Black "Schneider, Jana"]
[Result "0-1"]
[Termination "normal"]
[Board "1.3"]
[BlackTitle "FM"]
[WhiteElo "2139"]
[BlackElo "2323"]
[WhiteTeam "Sachsen"]
[BlackTeam "Bayern"]
[PlyCount "78"]
[WhiteFideId "16259491"]
[BlackFideId "12924997"]
[EventCountry "GER"]
[EventRounds "7"]
[EventType "team-swiss"]
[EventDate "2022.09.30"]

1. e4 e5 2. Nf3 Nc6 3. Bb5 a6 4. Bxc6 dxc6 5. O-O Qf6 6. d4 exd4 7. Bg5 Qd6 8.
Nxd4 f6 9. Bh4 c5 10. Nb3 Qxd1 11. Rxd1 Bd7 12. Bg3 O-O-O 13. Nc3 c4 14. Na5 b5
15. Nd5 Bd6 16. Bxd6 cxd6 17. Nb4 Be8 18. a4 Kc7 19. Nxa6+ Kb6 20. Nc5 Rb8 21.
Ncb7 Rxb7 22. Nxb7 Kxb7 23. axb5 Bxb5 24. Rxd6 Ne7 25. Ra5 Bc6 26. Rc5 Ra8 27.
f3 Ra4 28. Re6 Kb6 29. Rh5 Ng6 30. Rd6 h6 31. Rd8 Ra2 32. Rg8 Nf4 33. Rf5 Ne2+
34. Kf2 Nd4 35. Rh5 Rxb2 36. Ke3 Nxc2+ 37. Kd2 Na3+ 38. Kc3 Rb3+ 39. Kd2 c3+
0-1

[Event "Deutsche Ländermeisterschaft 2022"]
[Site "Wiesbaden GER"]
[Date "2022.10.01"]
[Round "1"]
[White "Huber, Benedikt"]
[Black "Kempe, Caius Emilian"]
[Result "1-0"]
[Termination "normal"]
[Board "1.4"]
[WhiteTitle "FM"]
[WhiteElo "2299"]
[BlackElo "2030"]
[WhiteTeam "Bayern"]
[BlackTeam "Sachsen"]
[PlyCount "53"]
[WhiteFideId "12923583"]
[BlackFideId "16246861"]
[EventCountry "GER"]
[EventRounds "7"]
[EventType "team-swiss"]
[EventDate "2022.09.30"]

1. e4 e6 2. d4 d5 3. e5 c5 4. c3 Nc6 5. Nf3 Bd7 6. Be2 Qb6 7. O-O f6 8. dxc5
Bxc5 9. b4 Be7 10. Be3 Qc7 11. c4 fxe5 12. cxd5 Nxb4 13. dxe6 Bxe6 14. Qa4+ Nc6
15. Nc3 Nf6 16. Ng5 Bg8 17. Bf3 h6 18. Nge4 Bf7 19. Nxf6+ Bxf6 20. Nd5 Bxd5 21.
Bxd5 Kf8 22. Rac1 Rc8 23. f4 exf4 24. Bc5+ Ke8 25. Rfe1+ Kd8 26. Rcd1 Kd7 27.
Bxc6# 1-0

[Event "Deutsche Ländermeisterschaft 2022"]
[Site "Wiesbaden GER"]
[Date "2022.10.01"]
[Round "1"]
[White "Petrovskiy, Vadim"]
[Black "Waffenschmidt, Lars"]
[Result "1-0"]
[Termination "normal"]
[Board "2.1"]
[WhiteTitle "FM"]
[BlackTitle "FM"]
[WhiteElo "2320"]
[BlackElo "2302"]
[WhiteClock "00:11:45"]
[BlackClock "00:08:41"]
[WhiteTeam "Hessen"]
[BlackTeam "Württemberg"]
[PlyCount "79"]
[WhiteFideId "14165210"]
[BlackFideId "16244656"]
[EventCountry "GER"]
[EventRounds "7"]
[EventType "team-swiss"]
[EventDate "2022.09.30"]

1. e4 {[%clk 01:30:57]} {[%emt 00:00:02]} e5 {[%clk 01:30:48]} {[%emt
00:00:12]} 2. Nf3 {[%clk 01:31:17]} {[%emt 00:00:11]} Nc6 {[%clk 01:31:09]}
{[%emt 00:00:08]} 3. Bb5 {[%clk 01:31:25]} {[%emt 00:00:22]} a6 {[%clk
01:31:20]} {[%emt 00:00:20]} 4. Ba4 {[%clk 01:31:49]} {[%emt 00:00:06]} Nf6
{[%clk 01:31:37]} {[%emt 00:00:12]} 5. O-O {[%clk 01:32:03]} {[%emt 00:00:17]}
Be7 {[%clk 01:31:46]} {[%emt 00:00:20]} 6. Re1 {[%clk 01:31:59]} {[%emt
00:00:34]} b5 {[%clk 01:31:53]} {[%emt 00:00:23]} 7. Bb3 {[%clk 01:32:23]}
{[%emt 00:00:07]} d6 {[%clk 01:32:02]} {[%emt 00:00:20]} 8. c3 {[%clk
01:32:19]} {[%emt 00:00:33]} O-O {[%clk 01:32:08]} {[%emt 00:00:24]} 9. h3
{[%clk 01:25:05]} {[%emt 00:07:46]} Nb8 {[%clk 01:31:26]} {[%emt 00:01:11]} 10.
d4 {[%clk 01:24:47]} {[%emt 00:00:48]} Nbd7 {[%clk 01:31:24]} {[%emt 00:00:32]}
11. Nbd2 {[%clk 01:24:14]} {[%emt 00:01:03]} Bb7 {[%clk 01:31:13]} {[%emt
00:00:41]} 12. Bc2 {[%clk 01:24:15]} {[%emt 00:00:30]} Re8 {[%clk 01:30:56]}
{[%emt 00:00:47]} 13. Nf1 {[%clk 01:24:07]} {[%emt 00:00:38]} Bf8 {[%clk
01:29:05]} {[%emt 00:02:21]} 14. Ng3 {[%clk 01:24:07]} {[%emt 00:00:31]} g6
{[%clk 01:27:45]} {[%emt 00:01:49]} 15. a4 {[%clk 01:18:47]} {[%emt 00:05:50]}
Nb6 {[%clk 01:19:17]} {[%emt 00:08:57]} 16. a5 {[%clk 00:47:47]} {[%emt
00:31:30]} Nbd7 {[%clk 01:18:46]} {[%emt 00:01:00]} 17. b4 {[%clk 00:39:43]}
{[%emt 00:08:35]} exd4 {[%clk 01:10:15]} {[%emt 00:09:01]} 18. cxd4 {[%clk
00:39:55]} {[%emt 00:00:18]} c5 {[%clk 01:09:17]} {[%emt 00:01:27]} 19. bxc5
{[%clk 00:32:18]} {[%emt 00:08:07]} dxc5 {[%clk 01:09:34]} {[%emt 00:00:13]}
20. d5 {[%clk 00:27:28]} {[%emt 00:05:20]} c4 {[%clk 01:08:28]} {[%emt
00:01:36]} 21. d6 {[%clk 00:27:12]} {[%emt 00:00:47]} Nc5 {[%clk 00:45:27]}
{[%emt 00:23:30]} 22. e5 {[%clk 00:26:26]} {[%emt 00:01:15]} Nfd7 {[%clk
00:44:41]} {[%emt 00:01:16]} 23. Ne4 {[%clk 00:24:03]} {[%emt 00:02:54]} Bg7
{[%clk 00:40:45]} {[%emt 00:04:25]} 24. Bg5 {[%clk 00:22:41]} {[%emt 00:01:52]}
Qc8 {[%clk 00:40:06]} {[%emt 00:01:09]} 25. Be7 {[%clk 00:14:07]} {[%emt
00:09:05]} Rb8 {[%clk 00:23:55]} {[%emt 00:16:40]} 26. Nf6+ {[%clk 00:13:42]}
{[%emt 00:00:55]} Nxf6 {[%clk 00:20:51]} {[%emt 00:03:34]} 27. exf6 {[%clk
00:13:22]} {[%emt 00:00:51]} Bh8 {[%clk 00:17:45]} {[%emt 00:03:36]} 28. Ne5
{[%clk 00:13:30]} {[%emt 00:00:22]} Nd7 {[%clk 00:17:29]} {[%emt 00:00:46]} 29.
Ng4 {[%clk 00:13:20]} {[%emt 00:00:40]} h5 {[%clk 00:08:21]} {[%emt 00:09:39]}
30. Nh6+ {[%clk 00:13:22]} {[%emt 00:00:28]} Kh7 {[%clk 00:08:43]} {[%emt
00:00:07]} 31. Qxh5 {[%clk 00:12:29]} {[%emt 00:01:23]} Qc5 {[%clk 00:08:14]}
{[%emt 00:00:59]} 32. Qh4 {[%clk 00:10:14]} {[%emt 00:02:45]} Bxf6 {[%clk
00:08:11]} {[%emt 00:00:32]} 33. Bxf6 {[%clk 00:10:42]} {[%emt 00:00:03]} Nxf6
{[%clk 00:07:52]} {[%emt 00:00:48]} 34. Ng4+ {[%clk 00:10:57]} {[%emt
00:00:15]} Nh5 {[%clk 00:08:11]} {[%emt 00:00:11]} 35. Nf6+ {[%clk 00:11:19]}
{[%emt 00:00:08]} Kg7 {[%clk 00:08:18]} {[%emt 00:00:22]} 36. Nxe8+ {[%clk
00:11:29]} {[%emt 00:00:20]} Rxe8 {[%clk 00:08:15]} {[%emt 00:00:33]} 37. Rxe8
{[%clk 00:11:52]} {[%emt 00:00:07]} Qc6 {[%clk 00:08:31]} {[%emt 00:00:13]} 38.
Qe4 {[%clk 00:12:04]} {[%emt 00:00:19]} Qd7 {[%clk 00:08:22]} {[%emt 00:00:39]}
39. Qe7 {[%clk 00:11:29]} {[%emt 00:01:06]} Qc6 {[%clk 00:08:41]} {[%emt
00:00:11]} 40. Be4 {[%clk 00:11:45]} {[%emt 00:00:14]} 1-0

[Event "Deutsche Ländermeisterschaft 2022"]
[Site "Wiesbaden GER"]
[Date "2022.10.01"]
[Round "1"]
[White "Geltz, Noah"]
[Black "Stork, Oliver"]
[Result "0-1"]
[Termination "normal"]
[Board "2.2"]
[BlackTitle "FM"]
[WhiteElo "2142"]
[BlackElo "2315"]
[WhiteClock "00:02:10"]
[BlackClock "00:02:41"]
[WhiteTeam "Württemberg"]
[BlackTeam "Hessen"]
[PlyCount "56"]
[WhiteFideId "16224256"]
[BlackFideId "12955728"]
[EventCountry "GER"]
[EventRounds "7"]
[EventType "team-swiss"]
[EventDate "2022.09.30"]

1. e4 {[%clk 01:30:57]} {[%emt 00:00:02]} c5 {[%clk 01:30:55]} {[%emt
00:00:06]} 2. Nf3 {[%clk 01:31:11]} {[%emt 00:00:16]} e6 {[%clk 01:31:17]}
{[%emt 00:00:07]} 3. b3 {[%clk 01:30:27]} {[%emt 00:01:15]} a6 {[%clk
01:31:22]} {[%emt 00:00:26]} 4. Bb2 {[%clk 01:30:11]} {[%emt 00:00:45]} Nc6
{[%clk 01:31:44]} {[%emt 00:00:07]} 5. c4 {[%clk 01:29:31]} {[%emt 00:01:10]}
Nf6 {[%clk 01:31:50]} {[%emt 00:00:24]} 6. e5 {[%clk 01:24:11]} {[%emt
00:05:51]} Ng4 {[%clk 01:32:10]} {[%emt 00:00:10]} 7. h3 {[%clk 01:23:43]}
{[%emt 00:00:58]} Nh6 {[%clk 01:32:32]} {[%emt 00:00:08]} 8. Nc3 {[%clk
01:21:06]} {[%emt 00:03:07]} d6 {[%clk 01:14:38]} {[%emt 00:18:24]} 9. exd6
{[%clk 01:15:39]} {[%emt 00:05:57]} Bxd6 {[%clk 01:14:57]} {[%emt 00:00:11]}
10. d4 {[%clk 01:09:39]} {[%emt 00:06:30]} cxd4 {[%clk 01:03:07]} {[%emt
00:12:20]} 11. Nxd4 {[%clk 01:09:51]} {[%emt 00:00:17]} Nxd4 {[%clk 01:02:05]}
{[%emt 00:01:32]} 12. Qxd4 {[%clk 01:10:12]} {[%emt 00:00:09]} Nf5 {[%clk
01:02:29]} {[%emt 00:00:06]} 13. Qd2 {[%clk 00:57:58]} {[%emt 00:12:45]} Qc7
{[%clk 00:48:59]} {[%emt 00:14:00]} 14. Bd3 {[%clk 00:55:23]} {[%emt 00:03:06]}
Nh4 {[%clk 00:34:28]} {[%emt 00:15:01]} 15. O-O {[%clk 00:50:00]} {[%emt
00:05:53]} Bd7 {[%clk 00:23:58]} {[%emt 00:11:00]} 16. f4 {[%clk 00:35:08]}
{[%emt 00:15:22]} Bc6 {[%clk 00:23:09]} {[%emt 00:01:19]} 17. Ne4 {[%clk
00:29:40]} {[%emt 00:05:59]} O-O-O {[%clk 00:21:23]} {[%emt 00:02:16]} 18. Qe1
{[%clk 00:19:26]} {[%emt 00:10:44]} Nxg2 {[%clk 00:11:39]} {[%emt 00:10:14]}
19. Kxg2 {[%clk 00:17:33]} {[%emt 00:02:22]} f5 {[%clk 00:07:56]} {[%emt
00:04:13]} 20. Kg1 {[%clk 00:08:11]} {[%emt 00:09:53]} Bxf4 {[%clk 00:08:14]}
{[%emt 00:00:12]} 21. Bc2 {[%clk 00:07:38]} {[%emt 00:01:03]} fxe4 {[%clk
00:06:02]} {[%emt 00:02:42]} 22. Bxe4 {[%clk 00:05:52]} {[%emt 00:02:16]} Bd2
{[%clk 00:05:29]} {[%emt 00:01:03]} 23. Qh4 {[%clk 00:04:32]} {[%emt 00:01:50]}
Be3+ {[%clk 00:05:48]} {[%emt 00:00:10]} 24. Kg2 {[%clk 00:02:32]} {[%emt
00:02:30]} Rd2+ {[%clk 00:02:49]} {[%emt 00:03:29]} 25. Kf3 {[%clk 00:02:56]}
{[%emt 00:00:07]} Bd4 {[%clk 00:01:52]} {[%emt 00:01:27]} 26. Bxd4 {[%clk
00:02:57]} {[%emt 00:00:29]} Rxd4 {[%clk 00:02:16]} {[%emt 00:00:06]} 27. Rae1
{[%clk 00:01:57]} {[%emt 00:01:30]} Bxe4+ {[%clk 00:02:15]} {[%emt 00:00:31]}
28. Rxe4 {[%clk 00:02:10]} {[%emt 00:00:17]} Rf8+ {[%clk 00:02:41]} {[%emt
00:00:04]} 0-1

[Event "Deutsche Ländermeisterschaft 2022"]
[Site "Wiesbaden GER"]
[Date "2022.10.01"]
[Round "1"]
[White "Laux, Dominik"]
[Black "Jaskulski, Jan"]
[Result "1-0"]
[Termination "normal"]
[Board "2.3"]
[WhiteTitle "FM"]
[WhiteElo "2248"]
[BlackElo "1849"]
[WhiteClock "00:16:20"]
[BlackClock "00:00:46"]
[WhiteTeam "Hessen"]
[BlackTeam "Württemberg"]
[PlyCount "101"]
[WhiteFideId "12994219"]
[BlackFideId "21877807"]
[EventCountry "GER"]
[EventRounds "7"]
[EventType "team-swiss"]
[EventDate "2022.09.30"]

1. e4 {[%clk 01:30:37]} {[%emt 00:00:22]} c5 {[%clk 01:30:55]} {[%emt
00:00:05]} 2. Nf3 {[%clk 01:30:56]} {[%emt 00:00:12]} d6 {[%clk 01:31:20]}
{[%emt 00:00:05]} 3. d4 {[%clk 01:31:19]} {[%emt 00:00:07]} cxd4 {[%clk
01:31:43]} {[%emt 00:00:07]} 4. Nxd4 {[%clk 01:31:40]} {[%emt 00:00:09]} Nf6
{[%clk 01:31:56]} {[%emt 00:00:17]} 5. Nc3 {[%clk 01:32:04]} {[%emt 00:00:06]}
Nc6 {[%clk 01:32:23]} {[%emt 00:00:03]} 6. Bg5 {[%clk 01:31:27]} {[%emt
00:01:07]} e6 {[%clk 01:32:40]} {[%emt 00:00:13]} 7. Qd2 {[%clk 01:31:11]}
{[%emt 00:00:46]} Be7 {[%clk 01:31:44]} {[%emt 00:01:26]} 8. O-O-O {[%clk
01:31:01]} {[%emt 00:00:41]} O-O {[%clk 01:32:06]} {[%emt 00:00:08]} 9. f4
{[%clk 01:30:44]} {[%emt 00:00:47]} h6 {[%clk 01:24:59]} {[%emt 00:07:37]} 10.
h4 {[%clk 01:30:44]} {[%emt 00:00:30]} Nxd4 {[%clk 01:21:16]} {[%emt 00:04:12]}
11. Qxd4 {[%clk 01:31:12]} {[%emt 00:00:03]} Qa5 {[%clk 01:21:40]} {[%emt
00:00:06]} 12. Kb1 {[%clk 01:19:23]} {[%emt 00:12:18]} e5 {[%clk 01:17:40]}
{[%emt 00:04:30]} 13. Qg1 {[%clk 01:14:05]} {[%emt 00:05:48]} exf4 {[%clk
01:11:45]} {[%emt 00:06:26]} 14. Bxf4 {[%clk 01:09:41]} {[%emt 00:04:54]} Be6
{[%clk 01:11:22]} {[%emt 00:00:52]} 15. Bd2 {[%clk 00:48:35]} {[%emt 00:21:37]}
Nxe4 {[%clk 01:06:07]} {[%emt 00:05:44]} 16. a3 {[%clk 00:46:28]} {[%emt
00:02:37]} Nxd2+ {[%clk 01:06:27]} {[%emt 00:00:10]} 17. Rxd2 {[%clk 00:46:57]}
{[%emt 00:00:01]} b5 {[%clk 01:01:06]} {[%emt 00:05:51]} 18. Qd4 {[%clk
00:39:59]} {[%emt 00:07:28]} Bf6 {[%clk 00:43:36]} {[%emt 00:18:00]} 19. Qb4
{[%clk 00:39:56]} {[%emt 00:00:33]} Qxb4 {[%clk 00:43:45]} {[%emt 00:00:21]}
20. axb4 {[%clk 00:40:25]} {[%emt 00:00:02]} Bxc3 {[%clk 00:44:04]} {[%emt
00:00:11]} 21. bxc3 {[%clk 00:40:37]} {[%emt 00:00:17]} a6 {[%clk 00:44:23]}
{[%emt 00:00:10]} 22. Rxd6 {[%clk 00:39:27]} {[%emt 00:01:40]} Rfc8 {[%clk
00:44:46]} {[%emt 00:00:07]} 23. Bd3 {[%clk 00:36:07]} {[%emt 00:03:52]} Rxc3
{[%clk 00:40:23]} {[%emt 00:04:52]} 24. Kb2 {[%clk 00:35:52]} {[%emt 00:00:45]}
Rc7 {[%clk 00:20:18]} {[%emt 00:20:35]} 25. Ra1 {[%clk 00:36:02]} {[%emt
00:00:19]} Rca7 {[%clk 00:20:37]} {[%emt 00:00:11]} 26. Be4 {[%clk 00:34:24]}
{[%emt 00:02:08]} Re8 {[%clk 00:20:57]} {[%emt 00:00:10]} 27. Bd3 {[%clk
00:30:38]} {[%emt 00:04:17]} Rea8 {[%clk 00:20:42]} {[%emt 00:00:44]} 28. Be4
{[%clk 00:21:08]} {[%emt 00:10:00]} Re8 {[%clk 00:21:02]} {[%emt 00:00:10]} 29.
Rdxa6 {[%clk 00:18:38]} {[%emt 00:03:00]} Rxa6 {[%clk 00:21:24]} {[%emt
00:00:08]} 30. Rxa6 {[%clk 00:19:06]} {[%emt 00:00:02]} Bc8 {[%clk 00:13:42]}
{[%emt 00:08:11]} 31. Ra8 {[%clk 00:19:25]} {[%emt 00:00:11]} Rxe4 {[%clk
00:14:05]} {[%emt 00:00:06]} 32. Rxc8+ {[%clk 00:19:50]} {[%emt 00:00:04]} Kh7
{[%clk 00:14:29]} {[%emt 00:00:07]} 33. Kb3 {[%clk 00:20:06]} {[%emt 00:00:15]}
Rxh4 {[%clk 00:14:51]} {[%emt 00:00:08]} 34. Rc5 {[%clk 00:20:26]} {[%emt
00:00:09]} g5 {[%clk 00:14:23]} {[%emt 00:00:58]} 35. Rxb5 {[%clk 00:20:18]}
{[%emt 00:00:38]} Rg4 {[%clk 00:13:16]} {[%emt 00:01:37]} 36. Rf5 {[%clk
00:19:00]} {[%emt 00:01:48]} Rxg2 {[%clk 00:11:47]} {[%emt 00:01:59]} 37. Rxf7+
{[%clk 00:18:46]} {[%emt 00:00:45]} Kg6 {[%clk 00:09:58]} {[%emt 00:02:20]} 38.
Rf1 {[%clk 00:19:09]} {[%emt 00:00:07]} g4 {[%clk 00:05:52]} {[%emt 00:04:36]}
39. b5 {[%clk 00:19:02]} {[%emt 00:00:37]} Re2 {[%clk 00:02:43]} {[%emt
00:03:39]} 40. c4 {[%clk 00:16:54]} {[%emt 00:02:37]} h5 {[%clk 00:01:04]}
{[%emt 00:02:09]} 41. b6 {[%clk 00:16:31]} {[%emt 00:00:53]} Re8 {[%clk
00:01:16]} {[%emt 00:00:17]} 42. c5 {[%clk 00:15:41]} {[%emt 00:01:20]} Rb8
{[%clk 00:00:38]} {[%emt 00:01:08]} 43. Kc4 {[%clk 00:15:20]} {[%emt 00:00:51]}
g3 {[%clk 00:00:54]} {[%emt 00:00:14]} 44. Kb5 {[%clk 00:14:55]} {[%emt
00:00:56]} h4 {[%clk 00:01:12]} {[%emt 00:00:12]} 45. c6 {[%clk 00:14:51]}
{[%emt 00:00:34]} g2 {[%clk 00:01:10]} {[%emt 00:00:32]} 46. Rg1 {[%clk
00:14:38]} {[%emt 00:00:43]} h3 {[%clk 00:00:57]} {[%emt 00:00:44]} 47. c7
{[%clk 00:15:02]} {[%emt 00:00:05]} Rf8 {[%clk 00:00:51]} {[%emt 00:00:36]} 48.
b7 {[%clk 00:15:22]} {[%emt 00:00:10]} Rf1 {[%clk 00:00:31]} {[%emt 00:00:49]}
49. c8=Q {[%clk 00:15:42]} {[%emt 00:00:11]} Rxg1 {[%clk 00:00:33]} {[%emt
00:00:28]} 50. Qc2+ {[%clk 00:16:03]} {[%emt 00:00:09]} Kh6 {[%clk 00:00:46]}
{[%emt 00:00:17]} 51. b8=Q {[%clk 00:16:20]} {[%emt 00:00:13]} 1-0

[Event "Deutsche Ländermeisterschaft 2022"]
[Site "Wiesbaden GER"]
[Date "2022.10.01"]
[Round "1"]
[White "Kocharin, Timur"]
[Black "Hagner, Bennet"]
[Result "0-1"]
[Termination "normal"]
[Board "2.4"]
[WhiteElo "1971"]
[BlackElo "2253"]
[WhiteClock "00:11:47"]
[BlackClock "00:12:28"]
[WhiteTeam "Württemberg"]
[BlackTeam "Hessen"]
[PlyCount "58"]
[WhiteFideId "16240936"]
[BlackFideId "16224477"]
[EventCountry "GER"]
[EventRounds "7"]
[EventType "team-swiss"]
[EventDate "2022.09.30"]

1. e4 {[%clk 01:30:45]} {[%emt 00:00:15]} c5 {[%clk 01:30:56]} {[%emt
00:00:05]} 2. Nf3 {[%clk 01:30:49]} {[%emt 00:00:25]} d6 {[%clk 01:31:20]}
{[%emt 00:00:06]} 3. d4 {[%clk 01:29:55]} {[%emt 00:01:24]} cxd4 {[%clk
01:31:45]} {[%emt 00:00:05]} 4. Nxd4 {[%clk 01:30:19]} {[%emt 00:00:05]} Nf6
{[%clk 01:32:10]} {[%emt 00:00:06]} 5. Nc3 {[%clk 01:30:42]} {[%emt 00:00:06]}
a6 {[%clk 01:32:36]} {[%emt 00:00:05]} 6. Be3 {[%clk 01:30:07]} {[%emt
00:01:05]} e5 {[%clk 01:32:59]} {[%emt 00:00:07]} 7. Nf3 {[%clk 01:30:07]}
{[%emt 00:00:29]} Be7 {[%clk 01:33:03]} {[%emt 00:00:26]} 8. Bc4 {[%clk
01:29:59]} {[%emt 00:00:38]} Be6 {[%clk 01:32:55]} {[%emt 00:00:39]} 9. Bxe6
{[%clk 01:22:13]} {[%emt 00:08:16]} fxe6 {[%clk 01:33:23]} {[%emt 00:00:02]}
10. O-O {[%clk 01:22:34]} {[%emt 00:00:09]} b5 {[%clk 01:14:41]} {[%emt
00:19:12]} 11. Ng5 {[%clk 01:11:48]} {[%emt 00:11:16]} Qd7 {[%clk 01:14:29]}
{[%emt 00:00:43]} 12. f4 {[%clk 00:58:59]} {[%emt 00:13:18]} exf4 {[%clk
00:55:33]} {[%emt 00:19:27]} 13. Rxf4 {[%clk 00:48:28]} {[%emt 00:11:01]} Nc6
{[%clk 00:36:27]} {[%emt 00:19:36]} 14. Qe2 {[%clk 00:40:30]} {[%emt 00:08:27]}
O-O {[%clk 00:32:48]} {[%emt 00:04:09]} 15. Raf1 {[%clk 00:38:08]} {[%emt
00:02:51]} h6 {[%clk 00:30:49]} {[%emt 00:02:30]} 16. Nh3 {[%clk 00:37:43]}
{[%emt 00:00:54]} Ne5 {[%clk 00:29:53]} {[%emt 00:01:27]} 17. Kh1 {[%clk
00:30:55]} {[%emt 00:07:18]} Qc6 {[%clk 00:26:10]} {[%emt 00:04:13]} 18. Bd4
{[%clk 00:25:36]} {[%emt 00:05:49]} b4 {[%clk 00:23:11]} {[%emt 00:03:30]} 19.
Nd1 {[%clk 00:23:49]} {[%emt 00:02:16]} Ng6 {[%clk 00:22:06]} {[%emt 00:01:35]}
20. R4f3 {[%clk 00:17:50]} {[%emt 00:06:29]} e5 {[%clk 00:20:06]} {[%emt
00:02:30]} 21. Be3 {[%clk 00:17:06]} {[%emt 00:01:14]} Nh4 {[%clk 00:18:43]}
{[%emt 00:01:53]} 22. Rg3 {[%clk 00:16:03]} {[%emt 00:01:33]} Nxe4 {[%clk
00:17:45]} {[%emt 00:01:28]} 23. Rxf8+ {[%clk 00:13:41]} {[%emt 00:02:52]} Rxf8
{[%clk 00:18:03]} {[%emt 00:00:12]} 24. Rg4 {[%clk 00:13:48]} {[%emt 00:00:22]}
h5 {[%clk 00:16:59]} {[%emt 00:01:35]} 25. Rxh4 {[%clk 00:12:51]} {[%emt
00:01:26]} Bxh4 {[%clk 00:17:18]} {[%emt 00:00:12]} 26. Qxh5 {[%clk 00:12:41]}
{[%emt 00:00:40]} Qxc2 {[%clk 00:13:24]} {[%emt 00:04:25]} 27. Qxh4 {[%clk
00:12:23]} {[%emt 00:00:48]} Qxd1+ {[%clk 00:13:45]} {[%emt 00:00:09]} 28. Ng1
{[%clk 00:12:17]} {[%emt 00:00:35]} Qd3 {[%clk 00:12:28]} {[%emt 00:01:48]} 29.
Qh3 {[%clk 00:11:47]} {[%emt 00:00:59]} Qxe3 {[%emt 00:00:38]} 0-1